00480nam a22001457a 450000500170000002000220001703500130003903700130005224501520006526000410021730000200025870000190027870000200029770000170031720120503112036.0 a0195639499c00.00 aA-899281 aDPLbENG aIssues in Economic theory and public policy :bEssays in honour of professor Tapas Majumdar /cedited by Amitava Bose, Mihir Rakshit and Anup Sinha aDelhibOxford University Pressc1997 ax, 322c20 cms. aBose, Amitava  aRakshit, Mihir  aSinha, Anup